000 00665nam a2200217 a 4500
001 000029933
003 DO-SdBNP
005 20180215082352.0
007 000029933
008 110427s1998 dr a 000 0 spa d
040 _aBPMET
_bspa
_cBPMET
100 1 _aMontes de Oca Vilomar, Tomás
245 1 0 _aSiquem:
_bnovela /
_cTomás Montes de Oca Vilomar.
260 _aSanto Domingo :
_bImpresora Valdez,
_c1998.
300 _a150 p. :
_bil. ;
_c21 cm.
930 1 _lBND01
_mLF1
_820130508
_f04
_pCT
_g23793
942 _2ddc
_cBK
945 _ainventariado, 2018 / dg
956 _aYLOCKWARD
_b10
_c20130410
_lBND01
_h1200
956 _aVMATEO
_b10
_c20150505
_lBMET02
_h00151
999 _c7784
_d7784